00980cam a2200229 a 450000100100000000500170001000800410002704000250006808200190009310000360011224501090014826000320025730000210028949000410031065000280035165000300037970000410040983000470045095201160049795201220061399900150073500000307820200929150325.0811231s1970 mx 001 p spa  aDO-SdBNPbspacBNPHU aU861.44bH565c1 aHerrera y Reissing, Julio9971614aLos cien mejores poemas de Julio Herrera y Reissig /cSelección prólogo y notas Antonio Castro Leal. aMéxico :bAguilar,c1970. a175 p. ;c19 cm.1 aBiblioteca de iniciación americana 4aPoesía uruguaya93846 4aLiteratura uruguaya930541 aCastro Leal, Antonio,epról.99717 0aBiblioteca de iniciación americana99718 001050718MOaGRbGRcHDd2009-07-06iLF1l0oU861.44 H565cp3078-10r2020-06-25w2020-06-25y1ZNo se presta 001150718MOaGRbGRcMId2017-06-02iLF1l0oU861.44 H565cp3078-20r2020-06-25te. 2w2020-06-25y1ZNo se presta c2909d2909